000
00224 a2200097 4500
090
_c
4248
_d
4248
100
_a
Jonathan Gennick
245
_a
Oracle 8i DBA
260
_a
IDG Books
_b
India
_c
2000
942
_a
NBS
_c
BK
_k
005.7585 GEN
999
_c
346697
_d
346697